[Event "Lichtenberger Sommer"]
[Site "Berlin"]
[Date "2009.08.19"]
[Round "5.69"]
[White "Körner, Helmut"]
[Black "Schönemann, Manfred"]
[Result "1-0"]
[WhiteElo "1947"]
[BlackElo "1820"]
[PlyCount "63"]
[EventDate "2009.??.??"]
[WhiteTeam "Sfr.Nord-Ost Berlin"]
[BlackTeam "SV Turbine Berlin e.V."]

1. b4 e6 2. Bb2 Nf6 3. b5 d5 4. e3 Be7 5. Nf3 O-O 6. c4 a6 7. a4 c5 8. Be2 Bd7
9. Nc3 dxc4 10. Bxc4 axb5 11. axb5 Rxa1 12. Bxa1 h6 13. O-O b6 14. Qb3 Qc7 15.
Re1 Rc8 16. Qc2 Bd6 17. h3 Be8 18. Ne4 Nh7 19. Nxd6 Qxd6 20. Be5 Qe7 21. Qb2 f6
22. Bc3 Bf7 23. Qa2 Ng5 24. Nxg5 hxg5 25. Ra1 Rc7 26. Qa8 Rb7 27. Bd3 f5 28.
Be5 Kh7 29. Bxb8 Rd7 30. Ra7 g6 31. Rxd7 Qxd7 32. Qa7 1-0

[Event "Lichtenberger Sommer"]
[Site "Berlin"]
[Date "2009.08.19"]
[Round "5.70"]
[White "Radloff, Rainer"]
[Black "Peschke, Matthias"]
[Result "0-1"]
[WhiteElo "1681"]
[BlackElo "1741"]
[PlyCount "48"]
[EventDate "2009.??.??"]
[WhiteTeam "SC Weiße Dame e.V."]
[BlackTeam "SK Marmstorf GW Harburg"]

1. Nf3 Nf6 2. d4 c5 3. e3 g6 4. Bd3 Bg7 5. Nbd2 cxd4 6. exd4 d6 7. c3 O-O 8.
O-O Re8 9. Re1 Nc6 10. Nc4 b5 11. Ncd2 a6 12. Ne4 e5 13. Nxf6+ Bxf6 14. dxe5
dxe5 15. Be4 Qc7 16. Bg5 Bg7 17. Qd5 Bb7 18. Rad1 Na5 19. Qd3 Nc4 20. Bxb7 Qxb7
21. Re2 e4 22. Rde1 exd3 23. Rxe8+ Bf8 24. Bh6 Qc6 0-1

[Event "Lichtenberger Sommer"]
[Site "Berlin"]
[Date "2009.08.19"]
[Round "5.71"]
[White "Krüger, Stefan"]
[Black "Roth, Joachim"]
[Result "0-1"]
[WhiteElo "1609"]
[BlackElo "1891"]
[PlyCount "108"]
[EventDate "2009.??.??"]
[WhiteTeam "SC Friesen Lichtenberg e.V."]
[BlackTeam "SG Bund"]

1. d4 e6 2. c4 d5 3. Nc3 c6 4. e3 f5 5. Nf3 Nf6 6. Be2 Bd6 7. O-O Nbd7 8. a3 a5
9. c5 Bc7 10. Qa4 Ne4 11. Nd2 O-O 12. Ndxe4 fxe4 13. b4 Bxh2+ 14. Kxh2 Qh4+ 15.
Kg1 Rf6 16. f3 Rh6 17. fxe4 dxe4 18. Rf4 Qe1+ 19. Rf1 Qxc3 20. Ra2 b5 21. Qd1
a4 22. Rc2 Qb3 23. Rf4 Nf6 24. Bg4 Rg6 25. Bh3 e5 26. Rh4 Bxh3 27. Rxh3 Rd8 28.
Rd2 Qxd1+ 29. Rxd1 exd4 30. Rxd4 Rxd4 31. exd4 Nd5 32. Rh5 Re6 33. Re5 Kf7 34.
Kf2 h6 35. Rxe6 Kxe6 36. Kg3 Kf5 37. Bd2 e3 38. Be1 Ke4 39. Kg4 g6 40. Bg3 Nf6+
41. Kh3 Kxd4 42. Be1 Ne4 43. Kg4 Nf2+ 44. Kf3 Nd3 45. Bg3 g5 46. Bd6 Ne1+ 47.
Kg3 Nc2 48. Kf3 Nxa3 49. Bf8 h5 50. Bh6 g4+ 51. Ke2 Nc2 52. Bg7+ Ke4 53. Bc3 a3
54. Kd1 Kd3 0-1

[Event "Lichtenberger Sommer"]
[Site "Berlin"]
[Date "2009.08.19"]
[Round "5.72"]
[White "Knaak, Hans"]
[Black "Uckar, Klaudijo"]
[Result "1/2-1/2"]
[WhiteElo "1753"]
[BlackElo "1875"]
[PlyCount "203"]
[EventDate "2009.??.??"]
[WhiteTeam "Forster Schachclub 95"]
[BlackTeam "SC Kreuzberg e.V."]

1. d4 d5 2. c4 e6 3. Nc3 Be7 4. Nf3 Nf6 5. Bg5 h6 6. Bh4 O-O 7. e3 b6 8. cxd5
Nxd5 9. Nxd5 exd5 10. Bg3 Be6 11. a3 Nd7 12. Rc1 c5 13. Bd3 c4 14. Bb1 b5 15.
O-O a5 16. Ne5 Nxe5 17. Bxe5 f5 18. Qh5 Qe8 19. Qf3 b4 20. Qg3 Qf7 21. axb4
axb4 22. Bf4 g5 23. Bd6 b3 24. Bxe7 Qxe7 25. h4 Rf7 26. hxg5 hxg5 27. Qe5 Qf6
28. Qg3 Rh7 29. f4 g4 30. Kf2 Kg7 31. Rh1 Rah8 32. Rxh7+ Rxh7 33. Rd1 Rh5 34.
Rg1 Qf8 35. Ke2 Qa8 36. Qe1 Qa6 37. Qb4 Qa7 38. Qd6 Qf7 39. Qe5+ Kg8 40. Qb8+
Kh7 41. Qb4 Rh2 42. Qe1 Qe8 43. Qg3 Qh5 44. Kf2 Kg6 45. Ke2 Kf6 46. Kf2 Kg6 47.
Ke2 Kf6 48. Kf2 Bf7 49. Ke2 Qh8 50. Qf2 Qa8 51. Qe1 Rh8 52. Qb4 Qd8 53. Qb7 Be6
54. Qb4 Qc7 55. Kf2 Rb8 56. Qe1 Qa7 57. Ke2 Qa1 58. Qd2 Rh8 59. Kf2 Qa7 60. Ke2
Qh7 61. Qe1 Qh2 62. Qf2 g3 63. Qf1 Qh5+ 64. Qf3 Qg6 65. Kd2 Rh2 66. Kd1 Qh5 67.
Qxh5 Rxh5 68. Ke2 Rh8 69. Kf3 Rg8 70. Rh1 Bd7 71. Rh3 c3 72. bxc3 Rc8 73. Rxg3
Rxc3 74. Rg5 Be6 75. Ke2 Rc1 76. Bd3 b2 77. g4 b1=Q 78. Bxb1 Rxb1 79. gxf5 Bxf5
80. Kd2 Rb2+ 81. Ke1 Be4 82. Re5 Ra2 83. Kd1 Bf3+ 84. Ke1 Be4 85. Kd1 Ra3 86.
Ke2 Rd3 87. Kf2 Rd2+ 88. Ke1 Rb2 89. Kd1 Rb5 90. Kd2 Bf5 91. Kc3 Be4 92. Kd2
Rb8 93. Kc3 Rd8 94. Kd2 Bf5 95. Kc3 Be6 96. Kd2 Bf5 97. Ke2 Be4 98. Kd2 Rh8 99.
Ke2 Rh2+ 100. Ke1 Bf3 101. Kf1 Rh5 102. Kf2 1/2-1/2

[Event "Lichtenberger Sommer"]
[Site "Berlin"]
[Date "2009.08.19"]
[Round "5.73"]
[White "Sivakumaran, Ramesh"]
[Black "Fuchs, Joerg"]
[Result "0-1"]
[WhiteElo "1466"]
[BlackElo "1909"]
[PlyCount "34"]
[EventDate "2009.??.??"]
[WhiteTeam "SV Empor Berlin e.V."]
[BlackTeam "SC Kreuzberg e.V."]

1. c4 Nf6 2. g3 e6 3. Bg2 d5 4. Nf3 Be7 5. O-O O-O 6. d3 c5 7. Qc2 Nc6 8. a3 d4
9. e4 e5 10. Bg5 Ne8 11. Bxe7 Qxe7 12. Nbd2 Bg4 13. Ne1 Be2 14. f4 Bxf1 15.
Bxf1 f5 16. Ng2 fxe4 17. Nxe4 Nf6 0-1

[Event "Lichtenberger Sommer"]
[Site "Berlin"]
[Date "2009.08.19"]
[Round "5.74"]
[White "Wege, Hermann"]
[Black "Theilig, Reinhard"]
[Result "1-0"]
[WhiteElo "1965"]
[BlackElo "1559"]
[PlyCount "45"]
[EventDate "2009.??.??"]
[WhiteTeam "Schachclub Rathenow e.V."]
[BlackTeam "SG TT/Wiheil"]

1. Nf3 d5 2. g3 Nf6 3. Bg2 c6 4. O-O Bf5 5. d3 h6 6. Nbd2 e6 7. Re1 Bd6 8. e4
dxe4 9. dxe4 Bh7 10. e5 Bc5 11. exf6 Qxf6 12. Ne4 Bxe4 13. Rxe4 O-O 14. Qe2 Na6
15. c3 Nc7 16. Be3 Bxe3 17. Rxe3 Nd5 18. Rd3 Rfd8 19. Rad1 Rac8 20. Qe5 Qe7 21.
Bh3 g5 22. Nd4 Nc7 23. Nf5 1-0

[Event "Lichtenberger Sommer"]
[Site "Berlin"]
[Date "2009.08.19"]
[Round "5.75"]
[White "Wirp, Hans-Werner"]
[Black "Winz, Michael"]
[Result "1-0"]
[WhiteElo "1818"]
[BlackElo "1691"]
[PlyCount "79"]
[EventDate "2009.??.??"]
[WhiteTeam "SK Oschersleben 1948"]
[BlackTeam "SC Friesen Lichtenberg e.V."]

1. d4 Nf6 2. Nc3 d5 3. e4 e6 4. Bg5 Be7 5. e5 Ne4 6. Nxe4 dxe4 7. h4 b6 8. Qd2
Bb7 9. f3 f6 10. exf6 Bxf6 11. O-O-O O-O 12. fxe4 Bxe4 13. Nf3 Qd5 14. b3 Nc6
15. Bxf6 Rxf6 16. Ng5 Bf5 17. Bc4 Qd6 18. c3 b5 19. Be2 b4 20. g4 bxc3 21. Qxc3
Nb4 22. Kb2 Bg6 23. h5 Rf2 24. Qe3 Qa6 25. Qxf2 Qxa2+ 26. Kc3 Qc2+ 27. Kxb4
Rb8+ 28. Bb5 Qxf2 29. hxg6 h6 30. Ka4 Qa2+ 31. Kb4 a6 32. Kc3 Rxb5 33. Rb1 Qa5+
34. b4 Qb6 35. Ne4 e5 36. Rhd1 a5 37. bxa5 Rxb1 38. axb6 Rxd1 39. bxc7 exd4+
40. Kc2 1-0

[Event "Lichtenberger Sommer"]
[Site "Berlin"]
[Date "2009.08.19"]
[Round "5.76"]
[White "Stiemerling, Karl-Heinz"]
[Black "Nauschütz, Ernst"]
[Result "0-1"]
[WhiteElo "1766"]
[BlackElo "1839"]
[PlyCount "102"]
[EventDate "2009.??.??"]
[WhiteTeam "SG Eckturm"]
[BlackTeam "Greifswalder SV"]

1. d4 Nf6 2. Nf3 e6 3. c3 d5 4. Bg5 h6 5. Bh4 c5 6. h3 Nc6 7. e3 Bd6 8. dxc5
Bxc5 9. Nbd2 O-O 10. Bg3 Bd6 11. Bxd6 Qxd6 12. Bd3 e5 13. Bc2 Rd8 14. Nh2 Be6
15. O-O Rac8 16. Ndf3 d4 17. exd4 exd4 18. Bb3 Bf5 19. Nh4 Bh7 20. Qf3 Na5 21.
Nf5 Bxf5 22. Qxf5 Nxb3 23. axb3 a6 24. Rad1 Rc5 25. Qd3 Qb6 26. b4 Rcd5 27. c4
R5d7 28. b5 axb5 29. cxb5 Rd5 30. Ng4 Nxg4 31. hxg4 Rxb5 32. Rb1 Rb3 33. Qd2 d3
34. Rfd1 g5 35. Kf1 Re8 36. Re1 Rxe1+ 37. Rxe1 Qc5 38. Re3 b6 39. Ke1 Kg7 40.
f3 Rxb2 41. Qxd3 Qb4+ 42. Kf1 Qc5 43. Qc3+ Kg6 44. Qxc5 bxc5 45. Rc3 Rb5 46.
Kf2 Kf6 47. Ke3 Ke5 48. Rc2 Rb3+ 49. Kf2 Kd4 50. g3 c4 51. Rd2+ Rd3 0-1

[Event "Lichtenberger Sommer"]
[Site "Berlin"]
[Date "2009.08.19"]
[Round "5.77"]
[White "Würsig, Mathias"]
[Black "Richter, Dirk"]
[Result "1-0"]
[WhiteElo "1861"]
[BlackElo "1448"]
[PlyCount "59"]
[EventDate "2009.??.??"]
[WhiteTeam "SV Blau-Gelb 1899 Hosena e.V."]
[BlackTeam "SG Lok Brandenburg, Abt. Schach"]

1. e4 Nf6 2. Nc3 d5 3. exd5 Nxd5 4. Nxd5 Qxd5 5. Nf3 Bg4 6. Be2 Nd7 7. c4 Qa5
8. O-O e6 9. d4 c6 10. a3 h6 11. b4 Qc7 12. c5 Rd8 13. Ne5 Bxe2 14. Qxe2 Nxe5
15. dxe5 Rd5 16. Bf4 g5 17. Bg3 Bg7 18. Rad1 O-O 19. Rxd5 cxd5 20. f4 Qe7 21.
fxg5 Qxg5 22. Bf4 Qg6 23. Rf3 Rd8 24. Rg3 Qb1+ 25. Kf2 Qf5 26. Rf3 Qb1 27. Qd2
d4 28. Bxh6 Bxe5 29. Qg5+ Kh7 30. Rxf7+ 1-0

[Event "Lichtenberger Sommer"]
[Site "Berlin"]
[Date "2009.08.19"]
[Round "5.78"]
[White "Maslov, Maxim"]
[Black "Ziems, Michael"]
[Result "0-1"]
[WhiteElo "1412"]
[BlackElo "1743"]
[PlyCount "52"]
[EventDate "2009.??.??"]
[WhiteTeam "vereinslos"]
[BlackTeam "SV Empor Berlin e.V."]

1. e4 e6 2. d4 d5 3. Nd2 dxe4 4. Nxe4 Nf6 5. Ng3 Be7 6. Nf3 O-O 7. b3 Nd5 8. c4
Bb4+ 9. Bd2 Bxd2+ 10. Qxd2 Nf6 11. Bd3 b6 12. Rd1 Bb7 13. Qe2 Qe7 14. O-O Re8
15. Rfe1 c6 16. Ne4 Nbd7 17. Bb1 Nf8 18. Ne5 Nxe4 19. Bxe4 Rac8 20. Qf3 Qc7 21.
h3 f6 22. Nd3 f5 23. Bxf5 exf5 24. Qxf5 Qd7 25. Qf4 Ng6 26. Ne5 Rxe5 0-1

[Event "Lichtenberger Sommer"]
[Site "Berlin"]
[Date "2009.08.19"]
[Round "5.79"]
[White "Torzinski, Nils"]
[Black "Hahn, Thomas"]
[Result "0-1"]
[WhiteElo "1332"]
[BlackElo "1826"]
[PlyCount "108"]
[EventDate "2009.??.??"]
[WhiteTeam "SC Friesen Lichtenberg e.V."]
[BlackTeam "SC Empor Potsdam 1952 e.V."]

1. e4 d5 2. exd5 Qxd5 3. Nc3 Qa5 4. Nf3 Nf6 5. Bc4 Bf5 6. d3 e6 7. O-O Nbd7 8.
Bf4 Bd6 9. Qd2 Bxf4 10. Qxf4 O-O 11. h3 c6 12. Nh4 Bg6 13. Nxg6 hxg6 14. Qg3
Qb4 15. Bb3 Nc5 16. Rfd1 Rfd8 17. Qf3 a5 18. a3 Qd4 19. Ba2 Rac8 20. Qe3 Qd6
21. d4 Ncd7 22. Ne4 Nxe4 23. Qxe4 Nf6 24. Qe5 Kf8 25. Qxa5 b5 26. Qb4 Qxb4 27.
axb4 Rd7 28. c3 Ra7 29. Bb3 Rca8 30. Rxa7 Rxa7 31. Kf1 Ke7 32. Ke2 Kd6 33. f4
Nd5 34. Kf3 Nb6 35. Ke4 Na4 36. Rd2 Nb6 37. Rd1 Na4 38. Rd2 Nb6 39. g4 Ra1 40.
Kf3 Rb1 41. Re2 Na4 42. Ke4 Nxc3+ 43. bxc3 Rxb3 44. Kd3 Rb1 45. Rf2 Rh1 46. Rf3
f6 47. Kd2 Kd5 48. Kd3 Rh2 49. f5 exf5 50. gxf5 g5 51. Ke3 Kc4 52. Ke4 Re2+ 53.
Re3 Rxe3+ 54. Kxe3 Kxc3 0-1

[Event "Lichtenberger Sommer"]
[Site "Berlin"]
[Date "2009.08.19"]
[Round "5.80"]
[White "Getzuhn, Detlef"]
[Black "Bauer, Stefan"]
[Result "1-0"]
[WhiteElo "1957"]
[BlackElo "1773"]
[PlyCount "77"]
[EventDate "2009.??.??"]
[WhiteTeam "SV Senat e.V."]
[BlackTeam "SC Kreuzberg e.V."]

1. e4 c5 2. Nf3 Nc6 3. d4 cxd4 4. Nxd4 Nf6 5. Nc3 a6 6. a4 d6 7. Be2 g6 8. O-O
Bg7 9. Be3 O-O 10. h3 Bd7 11. Qd2 Rc8 12. Rfd1 Ne5 13. Bh6 Nc4 14. Bxc4 Rxc4
15. Bxg7 Kxg7 16. a5 Qc8 17. f3 Qc5 18. Kh1 Qh5 19. Nce2 e5 20. Ng3 Qh4 21.
Nde2 Rfc8 22. c3 g5 23. Qxd6 Re8 24. Qxd7 Kg8 25. Qd3 Rc7 26. Qd6 Rc6 27. Qd2
Rce6 28. Nf5 Qh5 29. Kh2 Kh8 30. g4 Qg6 31. Neg3 h5 32. Nxh5 Nxh5 33. gxh5 Qxh5
34. Qg2 Rg8 35. Qg4 Qh7 36. Rd7 Rf6 37. Rad1 b6 38. Rd8 Rxf5 39. Qxf5 1-0

[Event "Lichtenberger Sommer"]
[Site "Berlin"]
[Date "2009.08.19"]
[Round "5.81"]
[White "Dietzel, Uwe"]
[Black "Kapp, Frank"]
[Result "1/2-1/2"]
[WhiteElo "1739"]
[BlackElo "1824"]
[PlyCount "77"]
[EventDate "2009.??.??"]
[WhiteTeam "TSV Lichtentanne SAbt"]
[BlackTeam "TSV IFA Chemnitz"]

1. b3 Nf6 2. Nf3 g6 3. Bb2 Bg7 4. e3 O-O 5. c4 c5 6. d4 d6 7. Bd3 Bg4 8. Nbd2
Nbd7 9. Qc2 Bxf3 10. Nxf3 Re8 11. O-O Rc8 12. d5 e5 13. e4 Bh6 14. Bc1 Bxc1 15.
Qxc1 Nh5 16. Ne1 Nf4 17. g3 Nh5 18. Be2 Ndf6 19. Bxh5 Nxh5 20. f3 Qd7 21. Qc2
Re7 22. Qe2 f5 23. Nd3 f4 24. g4 Nf6 25. h3 h6 26. Rf2 Rb8 27. Rc1 Qd8 28. Qd2
Nh7 29. Rh2 b5 30. cxb5 Rxb5 31. Nb2 Reb7 32. Nc4 Rd7 33. h4 Nf6 34. Rc2 Qb8
35. Kg2 Kf8 36. Rh1 Ke7 37. Rhc1 Rdb7 38. Na5 R7b6 39. Nc4 1/2-1/2

[Event "Lichtenberger Sommer"]
[Site "Berlin"]
[Date "2009.08.19"]
[Round "5.82"]
[White "Kazman, Caner"]
[Black "Pitz, Marko"]
[Result "1-0"]
[WhiteElo "1941"]
[BlackElo "1478"]
[PlyCount "69"]
[EventDate "2009.??.??"]
[WhiteTeam "SV Empor Berlin e.V."]
[BlackTeam "Greifswalder SV"]

1. e4 e5 2. Nf3 f5 3. exf5 e4 4. Nd4 Nf6 5. d3 d5 6. Bg5 c5 7. Ne6 Bxe6 8. fxe6
Be7 9. dxe4 O-O 10. f3 d4 11. Nd2 Qb6 12. b3 Qxe6 13. Bc4 Qxc4 14. Nxc4 Nc6 15.
O-O b5 16. Nb2 h6 17. Bxf6 Bxf6 18. Rb1 a5 19. a4 bxa4 20. Nxa4 Nb4 21. f4 Be7
22. Rf3 Rad8 23. Qd2 Rf6 24. e5 Ra6 25. Qe2 Rc6 26. Qc4+ Kf8 27. Rbf1 Nd5 28.
Qd3 Kg8 29. Nb2 Ne3 30. Ra1 Kf7 31. Nc4 Nd5 32. Rxa5 Nb4 33. Qe4 Nd5 34. Ra7
Kg8 35. Nd6 1-0

[Event "Lichtenberger Sommer"]
[Site "Berlin"]
[Date "2009.08.19"]
[Round "5.83"]
[White "Stolze, Dirk"]
[Black "Kohlmeyer, Dagobert"]
[Result "0-1"]
[WhiteElo "1536"]
[BlackElo "1912"]
[PlyCount "106"]
[EventDate "2009.??.??"]
[WhiteTeam "SK Tempelhof 1931 e.V."]
[BlackTeam "SC Rochade e.V."]

1. c4 Nf6 2. d4 g6 3. Nc3 d5 4. cxd5 Nxd5 5. e4 Nxc3 6. bxc3 Bg7 7. Nf3 c5 8.
Bb5+ Bd7 9. Bxd7+ Qxd7 10. O-O O-O 11. Rb1 cxd4 12. cxd4 Nc6 13. d5 Ne5 14.
Nxe5 Bxe5 15. Bb2 Bc7 16. Qd4 f6 17. Qd3 Rad8 18. Qb3 Qd6 19. g3 Bb6 20. Ba3
Qd7 21. Rfd1 Kg7 22. Qb2 h5 23. d6 e5 24. Rd5 h4 25. Bc5 Bxc5 26. Rxc5 Qxd6 27.
Rd5 Qe6 28. Rxd8 Rxd8 29. Qxb7+ Rd7 30. Qb2 Qg4 31. Re1 h3 32. Qb3 Rd4 33. Kf1
Qd7 34. Qc2 Qb5+ 35. Qe2 Qd7 36. Qc2 Rd2 37. Qb3 a5 38. a4 Qd4 39. Qe3 Qxe3 40.
Rxe3 Ra2 41. Rc3 Rxa4 42. f3 Ra1+ 43. Kf2 Rh1 44. Ra3 Rxh2+ 45. Kf1 Rb2 46. Kg1
Rg2+ 47. Kh1 g5 48. Rxa5 Rxg3 49. Ra3 g4 50. Kh2 Rg2+ 51. Kh1 g3 52. Ra1 Rf2
53. Ra3 Rf1# 0-1

[Event "Lichtenberger Sommer"]
[Site "Berlin"]
[Date "2009.08.19"]
[Round "5.84"]
[White "Rickmann, David"]
[Black "Gestrich, Wolfgang"]
[Result "1-0"]
[WhiteElo "1763"]
[BlackElo "1723"]
[PlyCount "77"]
[EventDate "2009.??.??"]
[WhiteTeam "SG Aufbau Elbe Magdeburg"]
[BlackTeam "Potsdamer SV Mitte e.V."]

1. e4 d5 2. exd5 Qxd5 3. Nc3 Qd6 4. d4 Nf6 5. Nf3 c6 6. g3 Bg4 7. Bg2 e6 8. Bf4
Qd8 9. O-O Bd6 10. Qd2 h6 11. Ne5 g5 12. Be3 Bf5 13. Nc4 Bc7 14. Rfe1 Nbd7 15.
f3 Bg6 16. Bf2 b5 17. Ne3 Nb8 18. a3 a6 19. Rad1 O-O 20. Ne4 Nxe4 21. fxe4 Ba5
22. b4 Bb6 23. c4 bxc4 24. Nxc4 Bh5 25. Nxb6 Qxb6 26. d5 Qd8 27. Rc1 Qd6 28.
Bc5 Qc7 29. Bxf8 Kxf8 30. dxc6 Qb6+ 31. Kh1 Nxc6 32. Qd6+ Kg7 33. Qxc6 Rb8 34.
Qxb6 Rxb6 35. e5 f5 36. exf6+ Kxf6 37. Rc6 Rxc6 38. Bxc6 Bg6 39. Re3 1-0

[Event "Lichtenberger Sommer"]
[Site "Berlin"]
[Date "2009.08.19"]
[Round "5.85"]
[White "Völler, Lothar"]
[Black "Lieder, Günter"]
[Result "0-1"]
[WhiteElo "1509"]
[BlackElo "1873"]
[PlyCount "124"]
[EventDate "2009.??.??"]
[WhiteTeam "Freier Sportverein von 1898 Dort"]
[BlackTeam "SK Turm Bad Hersfeld"]

1. e4 c5 2. d4 cxd4 3. c3 d3 4. Bxd3 Nc6 5. f4 d6 6. Nf3 e6 7. O-O Be7 8. Be3
Nf6 9. Nbd2 Bd7 10. h3 Qc7 11. Rc1 a6 12. Nc4 b5 13. Nb6 Rb8 14. Nxd7 Qxd7 15.
a3 O-O 16. Bb1 Rbc8 17. Qd3 g6 18. Rfd1 Qb7 19. Ba2 Na5 20. e5 dxe5 21. fxe5
Rfd8 22. Qe2 Nh5 23. Qf2 Rd7 24. Rxd7 Qxd7 25. Rf1 Nb7 26. Bb3 Bc5 27. Nd4 Ng7
28. g4 Na5 29. Ba2 Nc4 30. Rd1 Nxe5 31. Qe2 Qa7 32. Kf1 Qb7 33. Kg1 Bxd4 34.
Bxd4 Nf3+ 35. Kf1 Nxd4 36. Rxd4 Qh1+ 37. Kf2 Qh2+ 38. Ke1 Qxh3 39. a4 Qh1+ 40.
Qf1 Qc6 41. axb5 axb5 42. Qd3 Qa8 43. Bb1 h5 44. gxh5 Nxh5 45. Qxb5 Rb8 46. Ra4
Qh1+ 47. Qf1 Rxb2 48. Rb4 Qxf1+ 49. Kxf1 Rxb4 50. cxb4 Kf8 51. Kf2 Ke7 52. Ke3
Kd6 53. Kd4 g5 54. Bc2 Nf6 55. Ba4 Nd7 56. Bd1 e5+ 57. Kc4 Nb6+ 58. Kb5 Kc7 59.
Ka5 f5 60. Bf3 e4 61. Bg2 Nd5 62. b5 Ne3 0-1

[Event "Lichtenberger Sommer"]
[Site "Berlin"]
[Date "2009.08.19"]
[Round "5.86"]
[White "Schneider, Eckehard"]
[Black "Llacer Bosbach, Ana"]
[Result "0-1"]
[WhiteElo "1787"]
[BlackElo "1492"]
[PlyCount "98"]
[EventDate "2009.??.??"]
[WhiteTeam "Sfrd. Berlin 1903 e.V."]
[BlackTeam "CIM Benimaclet - Valencia"]

1. e4 e5 2. Nf3 Nc6 3. d4 exd4 4. Nxd4 Bc5 5. Be3 Qf6 6. c3 Nxd4 7. cxd4 Bb4+
8. Nc3 Qc6 9. Qc2 Nf6 10. f3 O-O 11. a3 Bxc3+ 12. bxc3 d5 13. e5 Ne8 14. Bd3 h6
15. O-O b5 16. f4 a5 17. f5 Ba6 18. f6 b4 19. axb4 axb4 20. Rxa6 Rxa6 21. Bxa6
Qxa6 22. fxg7 Kxg7 23. cxb4 Qe6 24. Rf3 Rg8 25. Rh3 Rh8 26. b5 Kf8 27. Bc1 Ke7
28. Ba3+ Kd8 29. Rg3 f6 30. Bb4 fxe5 31. Rg6 Qd7 32. Ra6 Qxb5 33. Ra8+ Kd7 34.
Qf5+ Kc6 35. Qc2+ Kb7 36. Ra1 Qc4 37. Qxc4 dxc4 38. dxe5 Ng7 39. Kf2 Kc6 40.
Ra5 Re8 41. Kf3 Kb6 42. Ke4 Rd8 43. Rd5 Ra8 44. Rd7 Ne6 45. Kf5 Nd8 46. g4 Nc6
47. e6 Nxb4 48. e7 Re8 49. Ke6 Nc6 0-1

[Event "Lichtenberger Sommer"]
[Site "Berlin"]
[Date "2009.08.19"]
[Round "5.87"]
[White "Schlittermann, Wolfgang"]
[Black "Paris, Gerhard"]
[Result "1/2-1/2"]
[WhiteElo "1644"]
[BlackElo "1671"]
[PlyCount "100"]
[EventDate "2009.??.??"]
[WhiteTeam "SK Gillette"]
[BlackTeam "TSG Oberschöneweide e.V."]

1. Nf3 d6 2. d4 Nf6 3. c4 g6 4. Nc3 Bg7 5. h3 Bd7 6. e4 b6 7. e5 dxe5 8. Nxe5
Nc6 9. Nxd7 Qxd7 10. Be3 Rd8 11. d5 Na5 12. Be2 c5 13. dxc6 Qxc6 14. Qa4 Qxa4
15. Nxa4 Nb7 16. Bf3 Nd6 17. Bc6+ Nd7 18. c5 Nc4 19. cxb6 Nxe3 20. fxe3 O-O 21.
bxa7 Ne5 22. Bb7 Nc4 23. a8=Q Rxa8 24. Bxa8 Rxa8 25. Nc3 Nxb2 26. Nd5 Nd3+ 27.
Ke2 Bxa1 28. Rxa1 Rxa2+ 29. Rxa2 Nc1+ 30. Kd2 Nxa2 31. Nxe7+ Kf8 32. Nd5 f5 33.
Kc2 Kf7 34. Kb2 Ke6 35. Nf4+ Ke5 36. Kxa2 Ke4 37. Ne6 Kxe3 38. Nf8 Kf2 39. g4
Kg3 40. gxf5 gxf5 41. Nxh7 f4 42. Ng5 Kh4 43. Nf3+ Kxh3 44. Kb2 Kg2 45. Nd2 Kf2
46. Kc3 Ke3 47. Nf1+ Kf2 48. Nd2 Ke2 49. Ne4 f3 50. Ng3+ Ke3 1/2-1/2

[Event "Lichtenberger Sommer"]
[Site "Berlin"]
[Date "2009.08.19"]
[Round "5.88"]
[White "Kriese, Ralf"]
[Black "Stadelmann, Bernd"]
[Result "1-0"]
[WhiteElo "1639"]
[BlackElo "1409"]
[PlyCount "49"]
[EventDate "2009.??.??"]
[WhiteTeam "Greifswalder SV"]
[BlackTeam "SC Freibauer Schöneberg"]

1. e4 e5 2. Nf3 Nc6 3. Bc4 Nf6 4. Ng5 d5 5. exd5 Na5 6. Bb5+ c6 7. dxc6 bxc6 8.
Be2 h6 9. Nf3 e4 10. Ne5 Bd6 11. d4 Bxe5 12. dxe5 Qxd1+ 13. Bxd1 Ng4 14. Nc3
Nxe5 15. Nxe4 O-O 16. O-O Be6 17. b3 Nb7 18. f4 Nd7 19. c4 Ndc5 20. Nxc5 Nxc5
21. Ba3 Nxb3 22. Bxb3 Rfc8 23. Rad1 a5 24. f5 a4 25. fxe6 1-0

[Event "Lichtenberger Sommer"]
[Site "Berlin"]
[Date "2009.08.19"]
[Round "5.89"]
[White "Engelhardt, Erhard"]
[Black "Stiewe, Frank"]
[Result "1-0"]
[WhiteElo "1818"]
[BlackElo "1372"]
[PlyCount "117"]
[EventDate "2009.??.??"]
[WhiteTeam "SSV Rotation Berlin e.V."]
[BlackTeam "vereinslos"]

1. b4 e5 2. Bb2 Bxb4 3. Bxe5 Nf6 4. c4 O-O 5. e3 Nc6 6. Bb2 d5 7. Nf3 Bd6 8.
cxd5 Nxd5 9. Be2 h6 10. O-O Be6 11. a3 Nce7 12. d4 Nf6 13. Nbd2 Bd5 14. Qc2 Nh7
15. e4 Bc6 16. e5 Re8 17. exd6 Qxd6 18. Bd3 g6 19. Rfe1 Bxf3 20. Nxf3 c6 21.
Re5 Nd5 22. Rae1 Re7 23. Rxe7 Nxe7 24. Qe2 Re8 25. Qe5 Qxe5 26. Rxe5 Nf6 27.
Bc4 Kf8 28. Re1 Ned5 29. Rxe8+ Kxe8 30. Bxd5 Nxd5 31. g3 Ke7 32. Kf1 Nb6 33.
Ke2 Nc4 34. Bc1 Ke6 35. Kd3 Kd5 36. Ne1 h5 37. Nc2 c5 38. dxc5 Ne5+ 39. Ke2 a6
40. Be3 Kc4 41. f4 Nd7 42. Kd2 Nxc5 43. Bxc5 Kxc5 44. Kd3 f5 45. Ne3 b5 46. Nc2
a5 47. Ne1 b4 48. a4 Kd5 49. Nf3 Kc5 50. Ne5 Kd5 51. Nxg6 b3 52. Kc3 b2 53.
Kxb2 Ke4 54. Ne7 h4 55. gxh4 Kxf4 56. Kc3 Kg4 57. Ng6 f4 58. Nxf4 Kxf4 59. Kc4
1-0

[Event "Lichtenberger Sommer"]
[Site "Berlin"]
[Date "2009.08.19"]
[Round "5.90"]
[White "Heyne, Klaus"]
[Black "Metin, Altug"]
[Result "0-1"]
[WhiteElo "1169"]
[BlackElo "1600"]
[PlyCount "116"]
[EventDate "2009.??.??"]
[WhiteTeam "SC Rotation Pankow e.V."]
[BlackTeam "vereinslos"]

1. d4 Nf6 2. c4 g6 3. e3 Bg7 4. Nf3 O-O 5. Be2 d6 6. O-O Nbd7 7. Nc3 e5 8. dxe5
Nxe5 9. Nxe5 dxe5 10. e4 Be6 11. Qxd8 Raxd8 12. Be3 a6 13. Rad1 Nd7 14. b3 c6
15. Na4 f5 16. f3 f4 17. Bf2 Bf6 18. Nc5 Nxc5 19. Bxc5 Rfe8 20. Bb6 Rc8 21. Rd3
Bd8 22. Bxd8 Rexd8 23. Rxd8+ Rxd8 24. Rd1 Rd4 25. Rxd4 exd4 26. Kf1 c5 27. Ke1
Kf7 28. Kd2 g5 29. h3 Kg6 30. Bd3 Kh5 31. Ke2 Kh4 32. Kf2 h5 33. Be2 b6 34. Bd3
a5 35. a4 g4 36. hxg4 hxg4 37. fxg4 Bxg4 38. e5 Kg5 39. Be2 Bf5 40. Bd1 Be4 41.
g3 fxg3+ 42. Kxg3 Kf5 43. e6 Kxe6 44. Kf2 Kf5 45. Ke1 Kf4 46. Kd2 Kg3 47. Be2
Kf2 48. Bd1 Bf3 49. Bc2 Kg3 50. Bd3 Kf4 51. Be2 Be4 52. Bd1 Bb1 53. Be2 Ke4 54.
Bd1 d3 55. Bh5 Bc2 56. Bg6+ Kd4 57. Bxd3 Bxd3 58. Kc1 Kc3 0-1

[Event "Lichtenberger Sommer"]
[Site "Berlin"]
[Date "2009.08.19"]
[Round "5.91"]
[White "Samarian, Cornel"]
[Black "Geldner, Gerrit"]
[Result "1/2-1/2"]
[WhiteElo "1811"]
[BlackElo "1091"]
[PlyCount "72"]
[EventDate "2009.??.??"]
[WhiteTeam "SC Pegasus Lohkirchen"]
[BlackTeam "SC Friesen Lichtenberg e.V."]

1. c4 e5 2. Nc3 Nf6 3. g3 Nc6 4. Bg2 Bc5 5. e3 d6 6. Nge2 O-O 7. O-O Bf5 8. d3
Qd7 9. d4 exd4 10. exd4 Bb6 11. a3 Bh3 12. Na4 Rfe8 13. Nxb6 axb6 14. Nf4 Bxg2
15. Kxg2 Qf5 16. f3 Re7 17. Ne2 Rae8 18. Ng1 b5 19. d5 Ne5 20. cxb5 Nc4 21. b3
Ne3+ 22. Bxe3 Rxe3 23. Ra2 Nxd5 24. Re2 Qg6 25. Qxd5 Rxe2+ 26. Nxe2 Rxe2+ 27.
Rf2 Rxf2+ 28. Kxf2 Qc2+ 29. Ke1 Qc5 30. Qxc5 dxc5 31. Kf2 Kf8 32. Ke3 Ke7 33.
a4 b6 34. Ke4 Ke6 35. g4 g5 36. f4 f6 1/2-1/2